Представление документа в формате RUSMARC

Поле Инд. ПП Название Значение
Тип записи a
Библиографический уровень a
001 Контрольный номер f74e4c280edc4c0f953f95dc9654e0a5
005 Дата корректировки 20220905090754.1
100 a Данные общей обработки 20181024 ||| 0rusy0189 ca
101 0_ a Язык текста rus
102 a Страна публикации RU
200 1_ f Первые сведения об ответственности Л.Л. Грищенко, И.А. Хожанова
a Заглавие К вопросу о кодификации административного права
b Общее обозначение материала Текст
210 1_ d Дата издания 2018
461 _0 1 2000
a Административное право и процесс
463 _0 1 2000
a №9
v С. 40-43
1 2101
d 2018
1 00172b1740a876d43b097df27f2b06f43a5
606 a Основная рубрика Административное право
610 0_ a Ключевые слова АДМИНИСТРАТИВНОЕ ЗАКОНОДАТЕЛЬСТВО РФ
a Ключевые слова КОДИФИКАЦИЯ
700 _1 a Фамилия Грищенко
b Имя Л.Л.
701 _1 a Фамилия Хожанова
b Имя И.А.
801 _0 a Страна RU
b Организация РГУП
c Дата составления 20181024
g Правила каталогизации PSBO
801 _1 a Страна RU
b Организация РГУП
c Дата составления 20181024
g Правила каталогизации PSBO
901 t Тип документа b
w Контрольный № источника 72b1740a876d43b097df27f2b06f43a5
905 a Дата ввода 20181024